[Event "21st Dubai Open 2019"]
[Site "Dubai"]
[Date "2019.04.08"]
[Round "8.36"]
[White "Mendonca, Leon Luke"]
[Black "Franco Valencia, Angela"]
[Result "1/2-1/2"]
[WhiteElo "2427"]
[BlackElo "2141"]
[Annotator "NA"]
[PlyCount "71"]
[EventDate "2019.04.01"]
[EventType "swiss"]
[EventCountry "UAE"]
[SourceTitle "playchess.com"]
[Source "ChessBase"]
[SourceQuality "1"]
[TimeControl "5400+30"]

1. d4 {[%emt 0:00:00]} Nf6 {[%emt 0:01:24]} 2. Bg5 {[%emt 0:00:01]} c5 {[%emt 0:00:27]} 3. Bxf6 {[%emt 0:03:48]} exf6 {[%emt 0:03:45]} 4. dxc5 {[%emt 0:00:53]} Bxc5 {[%emt 0:00:16]} 5. e3 {[%emt 0:00:46]} O-O {[%emt 0:05:55]} (5... d5 6. Nc3 Be6 7. Bd3 Nc6 8. Nge2 O-O 9. O-O Qd7 10. Nd4 Nxd4 11. exd4 Bd6 {½-½ (36) Vitiugov,N (2719)-Cheparinov,I (2709) St Petersburg 2018}) 6. Nd2 {[%emt 0:03:18] A45: Trompowsky Attack} d5 {[%emt 0:03:50]} 7. Nb3 {[%emt 0:02:39]} Bb6 {[%emt 0:00:34]} 8. Nf3 {[%emt 0:00:29]} Nc6 {[%emt 0:01:06]} 9. Be2 {[%emt 0:01:07]} Re8 $146 {[%emt 0:05:40]} ({Predecessor:} 9... Bf5 10. c3 Ne5 11. Nbd4 Be4 {½-½ (28) Ludwig,J (2379)-Rohan,A (2390) Charlotte 2018}) 10. O-O {[%emt 0:01:14]} Bg4 {[%emt 0:00:35]} 11. c3 {[%emt 0:00:50]} Rc8 {[%emt 0:01:28]} 12. Qd2 {[%emt 0:03:56]} a6 {[%emt 0:10:21]} 13. Rfe1 {[%emt 0:18:02]} Qe7 {[%emt 0:09:49]} 14. Rad1 {[%emt 0:06:20]} Red8 {[%emt 0:02:33]} 15. Nfd4 {[%emt 0:02:59]} Be6 {[%emt 0:02:58]} 16. Nxc6 {[%emt 0:03:36]} bxc6 {[%emt 0:02:43]} 17. Qc2 {[%emt 0:01:02]} a5 {[%emt 0:01:04]} 18. c4 {[%emt 0:01:47]} c5 {[%emt 0:06:23]} 19. cxd5 {[%emt 0:06:09]} Bxd5 {[%emt 0:01:12]} 20. Nd2 {[%emt 0:00:41]} g6 {[%emt 0:05:13]} 21. Bf3 {[%emt 0:15:47]} Be6 {[%emt 0:00:23]} 22. Nc4 {[%emt 0:03:07]} Bc7 {[%emt 0:01:10]} 23. g3 {[%emt 0:00:49]} h5 {[%emt 0:00:27]} 24. Qc3 {[%emt 0:02:04]} a4 {[%emt 0:03:49]} 25. Qc2 {[%emt 0:10:29]} h4 {[%emt 0:02:40]} 26. Qxa4 {[%emt 0:01:27]} hxg3 {[%emt 0:00:24]} 27. hxg3 {[%emt 0:01:33]} Kg7 {[%emt 0:00:35]} 28. Rxd8 {[%emt 0:01:33]} Rxd8 $14 {[%emt 0:00:23]} 29. b3 {[%emt 0:00:49]} Rh8 {[%emt 0:06:27]} 30. Rd1 {[%emt 0:01:34]} Bg4 {[%emt 0:05:27]} 31. Qc6 {[%emt 0:02:35]} Qe6 {[%emt 0:00:53]} 32. Rd2 {[%emt 0:00:57]} Qf5 {[%emt 0:08:22]} 33. Bxg4 {[%emt 0:01:21]} Qxg4 {[%emt 0:00:04]} 34. Nd6 {[%emt 0:02:04]} Bxd6 {[%emt 0:00:57]} 35. Rxd6 {[%emt 0:00:10]} Qe2 {[%emt 0:00:04]} 36. g4 {[%emt 0:01:06]} 1/2-1/2

[Event "21st Dubai Open 2019"]
[Site "Dubai"]
[Date "2019.04.08"]
[Round "8.37"]
[White "Thrish, Karthik"]
[Black "Akash G"]
[Result "0-1"]
[WhiteElo "2096"]
[BlackElo "2414"]
[Annotator "NA"]
[PlyCount "88"]
[EventDate "2019.04.01"]
[EventType "swiss"]
[EventCountry "UAE"]
[SourceTitle "playchess.com"]
[Source "ChessBase"]
[SourceQuality "1"]
[TimeControl "5400+30"]

1. Nf3 {[%emt 0:00:00]} Nf6 {[%emt 0:00:00]} 2. c4 {[%emt 0:00:00]} d6 {[%emt 0:00:18]} 3. d4 {[%emt 0:00:00]} g6 {[%emt 0:00:16]} 4. Nc3 {[%emt 0:00:01]} Bg7 {[%emt 0:00:08]} 5. e4 {[%emt 0:00:03]} O-O {[%emt 0:00:13]} 6. h3 {[%emt 0:00:02]} e5 {[%emt 0:00:29]} 7. dxe5 {[%emt 0:00:00]} dxe5 {[%emt 0:05:02]} 8. Be3 {[%emt 0:01:01]} Nbd7 {[%emt 0:05:41]} 9. Be2 {[%emt 0:05:23]} Nh5 {[%emt 0:01:53] E92: King's Indian: Classical: 6 Be2 e5: 7 dxe5, 7 Be3 and Petrosian System without 7...Nbd7} (9... Qe7 10. O-O c6 11. Qc2 Nh5 12. Rfe1 Nf4 13. Bf1 Qf6 14. Kh2 Re8 15. Ne2 Ne6 16. c5 Qe7 17. b4 a5 18. a3 {½-½ (18) Fedorchuk,S (2641)-Pavlov,S (2485) Minsk 2014}) 10. Bg5 $146 {[%emt 0:03:14]} ({Predecessor:} 10. g3 c6 11. Nd2 Nhf6 12. c5 Qe7 13. b4 Rd8 14. Qb1 {½-½ (14) Kourousis,E (2380)-Iwanow,A (2288) Brno 2014}) 10... Bf6 {[%emt 0:02:42]} 11. Bh6 {[%emt 0:03:07]} Re8 12. O-O c6 {[%emt 0:06:17]} 13. Qd2 {[%emt 0:05:52]} Qc7 {[%emt 0:04:39]} 14. Rfd1 {[%emt 0:07:24]} Nf4 {[%emt 0:05:01]} 15. Bf1 {[%emt 0:00:29]} Ne6 {[%emt 0:07:18]} 16. Be3 {[%emt 0:04:30]} a5 {[%emt 0:04:21]} 17. Rac1 {[%emt 0:04:19]} Ndc5 {[%emt 0:09:25]} 18. Qc2 {[%emt 0:10:11]} b6 {[%emt 0:05:39]} 19. b3 {[%emt 0:04:20]} Bb7 {[%emt 0:07:55]} 20. a3 {[%emt 0:01:14]} a4 {[%emt 0:01:37]} 21. b4 {[%emt 0:13:42]} Nb3 $11 {[%emt 0:00:26]} 22. Nxa4 {[%emt 0:00:24]} Nxc1 {[%emt 0:07:36]} 23. Bxb6 {[%emt 0:00:42]} Qb8 {[%emt 0:00:10]} 24. Rxc1 {[%emt 0:02:19]} Bc8 {[%emt 0:00:07]} 25. c5 {[%emt 0:08:47]} Nd4 {[%emt 0:03:52]} 26. Nxd4 {[%emt 0:04:41]} exd4 {[%emt 0:00:04]} 27. Ba5 {[%emt 0:02:03]} Bd8 {[%emt 0:02:46]} 28. Bxd8 {[%emt 0:03:58]} Rxd8 {[%emt 0:00:05]} 29. Nb6 {[%emt 0:00:15]} Rxa3 {[%emt 0:02:09]} 30. Qb2 {[%emt 0:00:07]} Ra7 {[%emt 0:05:59]} 31. Rd1 {[%emt 0:00:09]} Qe5 {[%emt 0:07:04]} 32. Nxc8 {[%emt 0:07:29]} Rxc8 {[%emt 0:00:07]} 33. Rxd4 {[%emt 0:00:05]} Rd7 {[%emt 0:01:01]} 34. Rd2 {[%emt 0:00:10]} Qxb2 {[%emt 0:00:49]} 35. Rxb2 {[%emt 0:00:01]} Rb8 {[%emt 0:03:08]} 36. f3 {[%emt 0:02:53]} Rd1 {[%emt 0:01:25]} 37. Kf2 {[%emt 0:05:57]} Rc1 {[%emt 0:00:05]} 38. Bd3 {[%emt 0:00:04]} Rxc5 {[%emt 0:00:49]} 39. Ke3 {[%emt 0:00:05]} Rc3 {[%emt 0:01:37]} 40. Kd4 {[%emt 0:01:25]} Rc1 {[%emt 0:00:24]} 41. Bc2 {[%emt 0:02:16]} c5+ {[%emt 0:00:27]} 42. Ke5 {[%emt 0:01:05]} cxb4 {[%emt 0:00:46]} 43. Kf6 {[%emt 0:00:38]} Rb6+ {[%emt 0:00:15]} 44. Kg5 {[%emt 0:00:11]} Kg7 {[%emt 0:00:21]} 0-1

[Event "21st Dubai Open 2019"]
[Site "Dubai"]
[Date "2019.04.08"]
[Round "8.38"]
[White "Manush Shah"]
[Black "Sultan, Ibrahim"]
[Result "1-0"]
[WhiteElo "2405"]
[BlackElo "2121"]
[Annotator "NA"]
[PlyCount "105"]
[EventDate "2019.04.01"]
[EventType "swiss"]
[EventCountry "UAE"]
[SourceTitle "playchess.com"]
[Source "ChessBase"]
[SourceQuality "1"]
[TimeControl "5400+30"]

1. d4 {[%emt 0:07:22]} d5 {[%emt 0:00:00]} 2. c4 {[%emt 0:00:11]} e6 {[%emt 0:00:00]} 3. Nf3 {[%emt 0:00:10]} Nf6 {[%emt 0:00:00]} 4. e3 {[%emt 0:00:08]} c6 {[%emt 0:00:49]} 5. b3 {[%emt 0:00:08]} Bb4+ {[%emt 0:00:16]} (5... Bd6 6. Bb2 O-O 7. Bd3 Nbd7 8. O-O b6 9. Nbd2 Bb7 10. Ne5 c5 11. cxd5 exd5 12. f4 Re8 13. Qf3 cxd4 14. exd4 {½-½ (63) Riazantsev,A (2649)-Timofeev,A (2589) St Petersburg 2018}) 6. Nbd2 {[%emt 0:00:34] D30: Queen's Gambit Declined: Systems without Nc3} Ne4 {[%emt 0:00:11]} 7. Bd3 {[%emt 0:02:16]} f5 {[%emt 0:00:30]} 8. O-O {[%emt 0:01:28]} Nd7 {[%emt 0:00:06]} 9. a3 {[%emt 0:01:07]} Ba5 {[%emt 0:00:26]} 10. Bb2 {[%emt 0:04:19]} O-O {[%emt 0:00:06]} 11. b4 {[%emt 0:01:57]} Bc7 {[%emt 0:02:38]} 12. Qc2 {[%emt 0:09:58]} Rf6 {[%emt 0:00:54]} 13. Ne5 {[%emt 0:06:28]} Rh6 $146 {[%emt 0:36:07]} 14. f4 {[%emt 0:14:25]} Nxd2 {[%emt 0:01:03]} 15. Qxd2 {[%emt 0:01:49]} Nxe5 {[%emt 0:00:05]} 16. fxe5 {[%emt 0:00:21]} dxc4 {[%emt 0:01:47]} 17. Bxc4 {[%emt 0:00:35]} Bxe5 {[%emt 0:00:26]} 18. g3 {[%emt 0:04:46]} g6 {[%emt 0:31:12]} 19. e4 {[%emt 0:05:17]} Rh5 {[%emt 0:09:40]} 20. exf5 {[%emt 0:05:34]} gxf5 {[%emt 0:03:18]} 21. Qe3 {[%emt 0:02:12]} Bg7 {[%emt 0:00:43]} 22. Bxe6+ {[%emt 0:00:33]} Bxe6 {[%emt 0:00:06]} 23. Qxe6+ {[%emt 0:00:07]} Kh8 {[%emt 0:00:02]} 24. Rf4 $11 {[%emt 0:01:59]} Qb6 {[%emt 0:05:22]} 25. Re1 {[%emt 0:02:49]} Rf8 {[%emt 0:01:36] [#]} 26. Qd7 $1 {[%emt 0:04:14]} Rh6 {[%emt 0:04:09]} 27. Rxf5 {[%emt 0:03:08]} Rhf6 {[%emt 0:01:02]} 28. Rxf6 {[%emt 0:01:31]} Bxf6 {[%emt 0:00:07]} 29. Qd6 {[%emt 0:03:16]} Bg7 {[%emt 0:01:02]} 30. Qc5 {[%emt 0:02:42]} Qd8 {[%emt 0:00:29]} 31. Re4 {[%emt 0:03:48]} a6 {[%emt 0:00:46]} 32. Bc3 {[%emt 0:02:03]} Qd7 {[%emt 0:00:18]} 33. d5 {[%emt 0:02:08]} Qf5 {[%emt 0:00:19]} 34. Bxg7+ {[%emt 0:00:30]} Kxg7 {[%emt 0:00:02]} 35. Qd4+ {[%emt 0:00:13]} Qf6 {[%emt 0:01:19]} 36. Re7+ {[%emt 0:00:27]} Kg8 {[%emt 0:00:23]} 37. Qxf6 {[%emt 0:00:42]} Rxf6 {[%emt 0:00:01]} 38. dxc6 {[%emt 0:01:16]} bxc6 {[%emt 0:00:26]} 39. Ra7 {[%emt 0:00:08]} Rd6 {[%emt 0:00:26]} 40. Rxa6 {[%emt 0:00:07]} Kf7 {[%emt 0:00:10]} 41. Kg2 {[%emt 0:00:54]} Rd2+ {[%emt 0:00:26]} 42. Kh3 {[%emt 0:01:15]} Rc2 {[%emt 0:00:05]} 43. a4 {[%emt 0:00:48]} Rc4 {[%emt 0:00:22]} 44. b5 {[%emt 0:00:26]} cxb5 {[%emt 0:00:05]} 45. axb5 {[%emt 0:00:03]} Rb4 {[%emt 0:00:07]} 46. Rb6 {[%emt 0:00:18]} Kg7 {[%emt 0:00:16]} 47. g4 {[%emt 0:00:12]} h6 {[%emt 0:00:22]} 48. Kg3 {[%emt 0:00:26]} Rb2 {[%emt 0:00:11]} 49. h4 {[%emt 0:00:42]} Rb4 {[%emt 0:00:06]} 50. h5 {[%emt 0:00:03]} Rb1 {[%emt 0:01:16]} 51. Rg6+ {[%emt 0:00:07]} Kh7 {[%emt 0:00:22]} 52. b6 {[%emt 0:00:06]} Rb4 {[%emt 0:00:06]} 53. Kf3 {[%emt 0:00:10]} 1-0

[Event "21st Dubai Open 2019"]
[Site "Dubai"]
[Date "2019.04.09"]
[Round "9.1"]
[White "Matlakov, Maxim"]
[Black "Indjic, Aleksandar"]
[Result "1/2-1/2"]
[WhiteElo "2692"]
[BlackElo "2592"]
[Annotator "TA"]
[PlyCount "112"]
[EventDate "2019.04.01"]
[EventType "swiss"]
[EventCountry "UAE"]
[SourceTitle "playchess.com"]
[Source "ChessBase"]
[SourceQuality "1"]

{[%evp 11,112,26,29,17,24,13,34,38,39,38,48,38,47,44,43,43,77,38,38,34,60,60,63,53,45,37,54,18,43,37,53,43,55,55,65,64,64,43,59,63,45,45,48,42,59,59,59,59,50,47,66,60,59,59,64,57,64,55,57,0,64,54,65,64,65,65,69,56,80,63,65,64,64,64,72,64,83,79,81,73,75,0,79,79,90,72,72,72,72,72,95,76,81,72,72,64,64,0,64,64,64,64,64]} 1. d4 Nf6 2. Nf3 e6 3. c4 c5 4. e3 a6 5. Nc3 d5 6. cxd5 exd5 7. g3 {D40: Queen's Gambit Declined: Semi-Tarrasch with 5 e3} (7. Be2 Nc6 8. O-O cxd4 9. Nxd4 Bd6 10. b3 Be5 11. Nxc6 bxc6 12. Bb2 h5 13. f4 Bb8 14. Na4 Ba7 15. Bd4 Bg4 16. Bxg4 hxg4 17. Rc1 {1-0 (68) Mamedyarov,S (2801)-Navara,D (2741) Biel 2018}) 7... Nc6 8. Bg2 Be7 9. O-O O-O 10. dxc5 Bxc5 11. b3 Be6 12. Bb2 Qe7 13. Ne2 Ne4 $146 ({Predecessor:} 13... Rac8 14. Ned4 Nxd4 15. Nxd4 {½-½ (32) Jussupow,A (2580)-Emms,J (2488) Dresden 2018}) 14. Nfd4 (14. Nf4 {is interesting.} Rad8 15. Nd4 Nxd4 16. Bxd4 Bxd4 17. Qxd4 g5 18. Nd3) 14... Nxd4 15. Nxd4 Bxd4 16. Qxd4 {[%csl Gb2][%cal Rd4g7] [#]} f6 17. Bxe4 dxe4 18. Qxe4 Rfd8 19. Bd4 Qf7 20. Rac1 Bd5 21. Qf4 Rac8 22. f3 Rxc1 23. Rxc1 Bc6 24. g4 h6 25. Rd1 a5 26. e4 a4 27. Qe3 Qe6 28. Rd2 axb3 29. axb3 Rd7 30. Kg2 Rd8 31. h3 Rd7 32. Qc3 Rd8 33. Re2 Ra8 34. Qb2 Rd8 35. Qc3 Ra8 $1 36. Qb4 Kh7 37. Kg3 Rd8 38. Rd2 Rd7 39. Qc3 Kg8 40. b4 Rd8 41. Qc5 Qb3 42. Kg2 Ra8 43. Bb2 Re8 44. h4 Qe6 45. Kg3 Qb3 46. Kg2 Qe6 $1 47. Rd6 Qb3 48. Qc3 (48. Bc3 {seems wilder.} Qa2+ 49. Kg3 Qe2 50. Qd4 Re7 51. h5) 48... Qxc3 49. Bxc3 $16 {[%mdl 4096] Endgame KRB-KRB} Kf7 50. Kg3 Ke7 51. Rd4 Rd8 52. Rc4 Rd3 53. h5 Ba4 54. Kf4 (54. Be1 $14) 54... Ke6 (54... Bd1 $11 55. Kf5 Rxf3+ 56. Kg6 Be2) 55. Be1 $14 Bd1 {[%csl Gd1][%cal Rd3f3] [#]} 56. Rc3 Rxc3 {Accuracy: White = 56%, Black = 48%.} 1/2-1/2

[Event "21st Dubai Open 2019"]
[Site "Dubai"]
[Date "2019.04.09"]
[Round "9.2"]
[White "Kuzubov, Yuriy"]
[Black "Iturrizaga Bonelli, Eduardo"]
[Result "1/2-1/2"]
[WhiteElo "2653"]
[BlackElo "2633"]
[Annotator "ChessBase"]
[PlyCount "32"]
[EventDate "2019.04.01"]
[EventType "swiss"]
[EventCountry "UAE"]
[SourceTitle "playchess.com"]
[Source "ChessBase"]
[SourceQuality "1"]
[TimeControl "5400+30"]

1. Nf3 {[%emt 0:00:00]} Nf6 {[%emt 0:00:00]} 2. c4 {[%emt 0:00:00]} b6 {[%emt 0:00:25]} 3. Nc3 {[%emt 0:01:02]} Bb7 {[%emt 0:00:51]} 4. d4 {[%emt 0:00:06]} e6 {[%emt 0:00:31]} 5. a3 {[%emt 0:00:06]} d5 {[%emt 0:01:42]} 6. Bg5 {[%emt 0:00:07]} Be7 {[%emt 0:00:04]} 7. e3 {[%emt 0:00:45]} O-O {[%emt 0:00:29]} 8. Rc1 {[%emt 0:00:37]} Nbd7 {[%emt 0:16:41]} 9. cxd5 {[%emt 0:01:56]} exd5 {[%emt 0:00:12]} 10. Be2 {[%emt 0:14:00]} c5 {[%emt 0:11:53]} 11. O-O {[%emt 0:00:58]} Rc8 {[%emt 0:23:31]} 12. dxc5 {[%emt 0:17:24]} bxc5 {[%emt 0:00:26]} 13. Qb3 {[%emt 0:00:54]} Qb6 {[%emt 0:11:36]} 14. Qxb6 {[%emt 0:01:10]} Nxb6 {[%emt 0:00:21]} 15. Rfd1 {[%emt 0:10:01]} Rfd8 {[%emt 0:01:00]} 16. h3 {[%emt 0:01:34]} Kf8 {[%emt 0:07:08]} 1/2-1/2

[Event "21st Dubai Open 2019"]
[Site "Dubai"]
[Date "2019.04.09"]
[Round "9.3"]
[White "Abdusattorov, Nodirbek"]
[Black "Mchedlishvili, Mikheil"]
[Result "1/2-1/2"]
[WhiteElo "2578"]
[BlackElo "2610"]
[Annotator "ChessBase"]
[PlyCount "37"]
[EventDate "2019.04.01"]
[EventType "swiss"]
[EventCountry "UAE"]
[SourceTitle "playchess.com"]
[Source "ChessBase"]
[SourceQuality "1"]
[TimeControl "5400+30"]

1. e4 {[%emt 0:00:00]} c6 {[%emt 0:00:04]} 2. d4 {[%emt 0:00:08]} d5 {[%emt 0:00:07]} 3. exd5 {[%emt 0:00:37]} cxd5 {[%emt 0:00:11]} 4. Nf3 {[%emt 0:00:12]} Nf6 {[%emt 0:01:02]} 5. Ne5 {[%emt 0:00:45]} g6 {[%emt 0:00:49]} 6. Bb5+ {[%emt 0:02:14]} Nbd7 {[%emt 0:00:54]} 7. O-O {[%emt 0:01:03]} Bg7 {[%emt 0:00:49]} 8. Re1 {[%emt 0:02:38]} O-O {[%emt 0:01:19]} 9. Nc3 {[%emt 0:02:46]} e6 {[%emt 0:08:28]} 10. Bf1 {[%emt 0:05:03]} a6 {[%emt 0:15:34]} 11. Bf4 {[%emt 0:03:26]} Nh5 {[%emt 0:02:12]} 12. Nxd7 {[%emt 0:09:26]} Bxd7 {[%emt 0:01:56]} 13. Be5 {[%emt 0:04:20]} Rc8 {[%emt 0:01:52]} 14. Bxg7 {[%emt 0:05:50]} Nxg7 {[%emt 0:01:13]} 15. Ne2 {[%emt 0:00:08]} Ba4 {[%emt 0:07:01]} 16. Nc3 {[%emt 0:03:10]} Bd7 {[%emt 0:03:59]} 17. Ne2 {[%emt 0:02:16]} Ba4 {[%emt 0:14:39]} 18. Nc3 {[%emt 0:00:35]} Bd7 {[%emt 0:00:48]} 19. Ne2 {[%emt 0:05:30]} 1/2-1/2

[Event "21st Dubai Open 2019"]
[Site "Dubai"]
[Date "2019.04.09"]
[Round "9.4"]
[White "Pichot, Alan"]
[Black "Le, Quang Liem"]
[Result "0-1"]
[WhiteElo "2566"]
[BlackElo "2711"]
[Annotator "TA"]
[PlyCount "130"]
[EventDate "2019.04.01"]
[EventType "swiss"]
[EventCountry "UAE"]
[SourceTitle "playchess.com"]
[Source "ChessBase"]
[SourceQuality "1"]

{[%evp 12,130,17,0,16,0,13,7,23,26,24,0,0,2,27,25,36,19,20,0,0,-24,-37,-25,-30,-32,-32,-75,-42,-31,-62,-39,-16,-8,-24,-12,-11,-18,-14,-16,0,0,-10,-30,2,0,3,-35,13,0,17,40,32,25,39,7,39,36,56,0,0,0,0,4,0,0,0,0,0,0,0,0,0,-79,-35,-51,-31,-30,-30,-25,-45,-133,-20,-23,-22,-34,-22,-93,-93,-146,-152,-138,-116,-242,-229,-185,-70,-75,-8,-324,-308,-406,-390,-606,-564,-520,-533,-3664,-3721,-3520,-1968,-4065,-3390,-3048,-1631,-29974,-29975,-6621,-7630,-29974,-29972]} 1. e4 c5 2. Nf3 d6 3. d4 cxd4 4. Nxd4 Nf6 5. Nc3 a6 6. h3 e5 7. Nb3 Be6 {B90: Sicilian Najdorf: Unusual White 6th moves, 6 Be3 Ng4 and 6 Be3 e5} 8. f4 g6 9. Qf3 Nc6 {The position is equal.} 10. Be3 exf4 11. Bxf4 Nh5 12. Bh2 Ne5 $146 ({Predecessor:} 12... Qh4+ 13. g3 Qg5 14. g4 Qh4+ 15. Qf2 Qxf2+ 16. Kxf2 {½-½ (31) Karjakin,S (2767)-Gelfand,B (2748) Baku 2014}) 13. Qf2 Qf6 14. Qxf6 Nxf6 15. Nd4 Bh6 16. Nf3 (16. Rd1 {is interesting.} Ke7 17. Be2 Rac8 18. Rf1 Be3 19. Bg3) 16... Nxf3+ 17. gxf3 Ke7 18. Rd1 Rhd8 19. f4 d5 20. e5 Nh5 21. Rd4 Rac8 22. Bd3 $1 Ng7 23. Bg3 Ke8 24. Bh4 Rd7 25. Rh2 Nh5 26. Ne2 Bf8 27. Ra4 Rc6 28. Nd4 Rb6 29. Bb5 h6 (29... f6 $5 {[%cal Ra6b5]} 30. Nxe6 Rxb5 $11) 30. c3 Rxb5 (30... Bc5 {seems wilder.} 31. Bxd7+ Bxd7 32. Ra5 Bxd4 33. cxd4 Nxf4 34. b3 Rc6) 31. Nxb5 Nxf4 32. Rxf4 {Hoping for Nd4.} axb5 33. Bf2 g5 34. Rf3 b4 35. Kf1 ({Better is} 35. Bb6 $14) 35... Rc7 $11 36. Bd4 Rc4 37. b3 Rc6 38. Rc2 h5 39. Kg2 Bc5 40. Bf2 g4 41. hxg4 hxg4 42. Rg3 (42. Rf4 $1 $11) 42... Bf5 43. cxb4 $1 Bxc2 44. Bxc5 $15 {[%mdl 4096] Endgame KRB-KRB} Be4+ 45. Kf2 Bf3 46. a4 {[#]} (46. Ke3 $15) 46... Kd7 (46... Re6 $1 $17 47. Rg1 Rxe5) 47. Ke3 $1 $11 Rh6 {Threatening ...Ke6.} 48. Rg1 Rh2 {With the idea ...Re2+.} 49. Kf4 (49. Bd4 $11) 49... Ke6 $17 50. b5 (50. Re1 $142) 50... Rc2 51. b4 Rc4+ 52. Ke3 (52. Kg3 $17) 52... Kxe5 $19 53. a5 {[#]} d4+ (53... Re4+ $1 $19 54. Kd2 d4) 54. Kd2 $15 Rc3 (54... Be4 $17 55. Rxg4 Rc2+ 56. Kd1 Ra2) 55. Re1+ $2 {[%mdl 8192]} (55. a6 $11 {and White is okay.}) 55... Kd5 $19 56. a6 bxa6 57. bxa6 (57. b6 $142 Kc4 58. Bd6) 57... Ra3 58. a7 g3 59. Kc2 {intending Kb2.} Kc4 60. Kb2 Rb3+ 61. Ka2 Rc3 62. Rd1 d3 63. Kb2 g2 64. Rd2 Rb3+ 65. Ka2 Rxb4 {Accuracy: White = 37%, Black = 65%.} 0-1

[Event "21st Dubai Open 2019"]
[Site "Dubai"]
[Date "2019.04.09"]
[Round "9.5"]
[White "Tabatabaei, M.amin"]
[Black "Sanal, Vahap"]
[Result "0-1"]
[WhiteElo "2612"]
[BlackElo "2513"]
[Annotator "ChessBase"]
[PlyCount "96"]
[EventDate "2019.04.01"]
[EventType "swiss"]
[EventCountry "UAE"]
[SourceTitle "playchess.com"]
[Source "ChessBase"]
[SourceQuality "1"]
[TimeControl "5400+30"]

1. e4 {[%emt 0:00:00]} e5 {[%emt 0:02:03]} 2. Nf3 {[%emt 0:00:00]} Nc6 {[%emt 0:01:07]} 3. Bc4 {[%emt 0:00:00]} Bc5 {[%emt 0:00:12]} 4. c3 {[%emt 0:00:09]} Nf6 {[%emt 0:00:09]} 5. d4 {[%emt 0:00:41]} exd4 {[%emt 0:01:14]} 6. e5 {[%emt 0:00:12]} d5 {[%emt 0:00:45]} 7. Bb5 {[%emt 0:00:11]} Ne4 {[%emt 0:00:14]} 8. cxd4 {[%emt 0:00:06]} Bb6 {[%emt 0:01:00]} 9. Nc3 {[%emt 0:00:07]} O-O {[%emt 0:00:24]} 10. Be3 {[%emt 0:00:11]} Bg4 {[%emt 0:02:09]} 11. h3 {[%emt 0:00:19]} Bh5 {[%emt 0:01:03]} 12. Qc2 {[%emt 0:00:14]} Bg6 {[%emt 0:04:26]} 13. Qb3 {[%emt 0:00:15]} Ne7 {[%emt 0:00:30]} 14. O-O {[%emt 0:00:13]} c6 {[%emt 0:00:31]} 15. Bd3 {[%emt 0:00:08]} Nd2 {[%emt 0:01:17]} 16. Nxd2 {[%emt 0:00:11]} Bxd3 {[%emt 0:00:11]} 17. Rfe1 {[%emt 0:00:09]} Bg6 {[%emt 0:06:04]} 18. Na4 {[%emt 0:00:10]} Nf5 {[%emt 0:06:15]} 19. Qc3 {[%emt 0:00:20]} h6 {[%emt 0:15:17]} 20. Rac1 {[%emt 0:07:10]} f6 {[%emt 0:06:34]} 21. Nf3 {[%emt 0:00:39]} Nxe3 {[%emt 0:02:02]} 22. Rxe3 {[%emt 0:00:32]} Be4 {[%emt 0:00:38]} 23. Nxb6 {[%emt 0:05:30]} axb6 {[%emt 0:00:31]} 24. Nd2 {[%emt 0:00:15]} fxe5 {[%emt 0:05:17]} 25. dxe5 {[%emt 0:05:42]} Bg6 {[%emt 0:00:32]} 26. Rg3 {[%emt 0:01:50]} Bh7 {[%emt 0:02:55]} 27. a3 {[%emt 0:01:10]} Kh8 {[%emt 0:02:09]} 28. b4 {[%emt 0:01:50]} d4 {[%emt 0:01:36]} 29. Qc4 {[%emt 0:03:23]} b5 {[%emt 0:06:17]} 30. Qc5 {[%emt 0:03:43]} d3 {[%emt 0:09:14]} 31. e6 {[%emt 0:17:24]} Rf5 {[%emt 0:02:04]} 32. Qe3 {[%emt 0:02:33]} Qe7 {[%emt 0:04:32]} 33. Re1 {[%emt 0:08:46]} Rxa3 {[%emt 0:04:14]} 34. Nf3 {[%emt 0:02:24]} Rf6 {[%emt 0:00:27]} 35. Nd4 {[%emt 0:07:39]} Ra8 {[%emt 0:00:28]} 36. Rg4 {[%emt 0:01:16]} Re8 {[%emt 0:00:35]} 37. h4 {[%emt 0:03:34]} Qxb4 {[%emt 0:01:07]} 38. f3 {[%emt 0:00:45]} Qe7 {[%emt 0:02:14]} 39. Rf4 {[%emt 0:01:39]} c5 {[%emt 0:03:29]} 40. Nxb5 {[%emt 0:00:13]} Rxe6 {[%emt 0:00:39]} 41. Qxe6 {[%emt 0:00:12]} Qxe6 {[%emt 0:00:02]} 42. Rxe6 {[%emt 0:00:13]} Rxe6 {[%emt 0:00:04]} 43. Rf8+ {[%emt 0:00:05]} Bg8 {[%emt 0:00:06]} 44. Rd8 {[%emt 0:00:21]} c4 {[%emt 0:00:12]} 45. f4 {[%emt 0:01:10]} Rb6 {[%emt 0:02:01]} 46. Nc3 {[%emt 0:00:56]} Rb3 {[%emt 0:00:32]} 47. Ne4 {[%emt 0:00:05]} c3 {[%emt 0:01:00]} 48. Kf2 {[%emt 0:01:33]} c2 {[%emt 0:00:10]} 0-1

[Event "21st Dubai Open 2019"]
[Site "Dubai"]
[Date "2019.04.09"]
[Round "9.6"]
[White "Vignesh N R"]
[Black "Aravindh, Chithambaram VR."]
[Result "1/2-1/2"]
[WhiteElo "2457"]
[BlackElo "2602"]
[Annotator "TA"]
[PlyCount "61"]
[EventDate "2019.04.01"]
[EventType "swiss"]
[EventCountry "UAE"]
[SourceTitle "playchess.com"]
[Source "ChessBase"]
[SourceQuality "1"]

{[%evp 23,61,0,0,0,0,-17,0,0,0,0,25,12,11,0,0,0,12,0,0,0,0,0,0,0,0,0,7,4,6,6,15,0,0,0,5,3,31,0,0,0]} 1. d4 Nf6 2. c4 e6 3. Nf3 d5 4. Nc3 c6 5. e3 Nbd7 6. Bd3 dxc4 7. Bxc4 b5 8. Bd3 Bb7 9. O-O a6 10. Ne4 c5 11. Nxc5 Nxc5 12. dxc5 Bxc5 13. Qe2 $146 {D48: Semi-Slav: Meran System: 7...b5 8 Bd3 a6} (13. a3 Bd6 14. b4 e5 15. Be2 O-O 16. Bb2 Qe7 17. Nh4 Qe6 18. Qb1 Be4 19. Bd3 Bxd3 20. Qxd3 e4 {0-1 (33) Grunberg,M (2422)-Gustafsson,J (2603) Plovdiv 2008}) 13... O-O 14. e4 Nd7 15. Bf4 Qb6 16. a3 Rfc8 17. b4 Be7 18. Be3 Qd8 19. Rfd1 Qe8 20. Rac1 Rxc1 21. Rxc1 Rc8 22. Rxc8 Qxc8 23. Qc2 Qxc2 24. Bxc2 Bf6 25. Bd4 Bxd4 26. Nxd4 $11 {KBN-KBN} Ne5 27. f3 Nc4 28. a4 bxa4 29. Bxa4 Kf8 30. Bc2 a5 31. bxa5 $1 {Accuracy: White = 67%, Black = 32%.} 1/2-1/2